00688nam a2200181 i 450000100060000000300090000600500170001500700030003200800410003504000200007624501900009626000490028630000200033550500430035565000150039871000680041385200250048148817ES-MaACL20230906161827.0t|950905s1883 fr ab |||| | fre d aCAM bspa cCAM00aStatistique de l'industrie minérale et des appareils à vapeur en France et en Algérie pour l'année ... b: avec un appendice concernant la statistique minérale internationale. aParis : bImprimerie Nationale, c1883-1893. a3 v. ; c30 cm.8 aContiene los años: 1882, 1885 y 189204aMinería.1 aFrancia. bDirection des Routes, de la Navigation et des Mines. aES-MaACLjC-12378-80